Planning for effective training A guide to curiculum development

Spremljeno u:
Bibliografski detalji
Glavni autor: Tim Wentling
Format: Knjiga
Jezik:Undetermined
Izdano: Rome FAO 1993
Teme:
Oznake: Dodaj oznaku
Bez oznaka, Budi prvi tko označuje ovaj zapis!
Thư viện lưu trữ: Trung tâm Học liệu Trường Đại học Cần Thơ
LEADER 00550nam a2200193Ia 4500
001 CTU_29245
008 210402s9999 xx 000 0 und d
082 |a 630.71 
082 |b W477 
100 |a Tim Wentling 
245 0 |a Planning for effective training 
245 2 |b A guide to curiculum development 
245 0 |c Tim Wentling, FAO 
260 |a Rome 
260 |b FAO 
260 |c 1993 
650 |a agriculture - study and teaching 
904 |i Nguyễn Quang Điền, 990315 
980 |a Trung tâm Học liệu Trường Đại học Cần Thơ